00548 2200193 4500001002100000008004100021035002000062245007200082100002400154250001000178260004800188300003000236020002200266084001400288082000800302650002000310990001200330990001200342INLIS000000000015340 ind  a0010-1222000419 aEssentials of Mastering Basic English StructurecTitis Wisnu Wijaya aTITIS, Wisnu Wijaya acet.1 aYogyakarta :bBintang Pustaka Madani,c2021 aix, 64 hal.: ilus.c23 cm a978-623-6786-80-2 a420 TIT e a420 aBAHASA. INGGRIS a10051 a a10051 b